000 01088nam a2200301Ia 4500
001 Para_8936
003 CHAP
008 220125s2005 xx 000 0 und d
010 _a207714
040 _cCHAP
090 _aPA TESIS 1880
100 _aSantiago Santiago, Rosa Mónica
_9102396
245 _aPatógenos relacionados y efectividad de productos contra la pudrición del cormo del gladiolo (Gladiolus sp.) en Joquicingo, Estado de México /
_c por Rosa Mónica Santiago Santiago
260 _aChapingo, Méx. :
_b el autor
300 _a60 h.
502 _aTesis (Ing. Agr. Esp. en Parasitología Agrícola) -- UACh. Departamento Parasitología Agrícola
650 _aGladiolas
_x enfermedades
_948229
650 _aGladiolas
_x enfermedades por hongos
_9135896
650 _aGladiolas
_x plagas
_948234
710 _aUACh. Departamento Parasitología Agrícola
_9164025
901 _aPA TESIS 1880
902 _aA
905 _a0000002005 in 0000000000 00
910 _a2005
942 _cPARA
942 _cPARA
_d1
999 _c207714
_d207714